|
|
|
|
| LEADER |
00000cam a2200000 7i4500 |
| 001 |
0000016469 |
| 005 |
20241028.0 |
| 008 |
060505 my a may |
| 040 |
|
|
|a INS
|b eng
|e rda
|
| 090 |
0 |
0 |
|a HD890.6
|b .W36 2005
|
| 100 |
0 |
|
|a Wan Ibrisam Fikri Wan Ismail ,
|e author
|
| 245 |
1 |
0 |
|a Pengenalan kepada sumber tanah luar bandar
|c Wan Ibrisam Fikri Wan Ismail, Ainur Zaireen Zainuddin
|
| 264 |
|
1 |
|a Skudai :
|b University Teknologi Malaysia
|c 2005
|
| 300 |
|
|
|a 47 pages :
|b illustrations ;
|c 29 cm.
|
| 336 |
|
|
|a text
|2 rdacontent
|
| 337 |
|
|
|a unmediated
|2 rdamedia
|
| 338 |
|
|
|a volume
|2 rdacarrier
|
| 650 |
|
0 |
|a Land use, Rural
|z Malaysia
|
| 650 |
|
0 |
|a Real property
|z Malaysia
|
| 650 |
|
0 |
|a Rural development
|z Malaysia
|
| 700 |
0 |
|
|a Ainur Zaireen Zainudin ,
|e author
|
| 999 |
|
|
|a 0000016715
|b BOOK
|c Open Shelf
|e Default branch
|
| 999 |
|
|
|a 0000016716
|b BOOK
|c Open Shelf
|e Default branch
|
| 999 |
|
|
|a 0000016717
|b BOOK
|c Open Shelf
|e Default branch
|
| 999 |
|
|
|a 0000016718
|b BOOK
|c Open Shelf
|e Default branch
|
| 999 |
|
|
|a 0000016719
|b BOOK
|c Open Shelf
|e Default branch
|
| 999 |
|
|
|a 0000016720
|b BOOK
|c Open Shelf
|e Default branch
|
| 999 |
|
|
|a 0000016721
|b BOOK
|c Open Shelf
|e Default branch
|
| 999 |
|
|
|a 0000016722
|b BOOK
|c Open Shelf
|e Default branch
|
| 999 |
|
|
|a 0000016723
|b BOOK
|c Open Shelf
|e Default branch
|
| 999 |
|
|
|a 0000016724
|b BOOK
|c Open Shelf
|e Default branch
|